[Event "AUTO-ADV-3930"]
[Site "http://www.queenalice.com/game.php?id=1502122"]
[Date "2017.11.4"]
[Round "1"]
[White "Fischercat"]
[Black "Legionnaire"]
[Result "1-0"]
[WhiteElo "1892"]
[BlackElo "1840"]

1. e4 e5 2. Bc4 d6 3. Qf3 Nf6 4. d3 Be7 5. Ne2 O-O 6. h3 Nc6 7. O-O Na5 8. b3
Nxc4 9. bxc4 Bd7 10. Nbc3 Qc8 11. Nd5 Nxd5 12. cxd5 f5 13. exf5 Rxf5 14. Qe4 Rh5
15. d4 Rh4 16. Qf3 exd4 17. c3 dxc3 18. Kh2 Bg4 19. Qe3 Bxh3 20. gxh3 Qg4 21.
Rg1 Qf5 22. Qe6+ Qxe6 23. dxe6 c2 24. Bg5 Bxg5 25. Rxg5 Re4 26. Ng3 Rc4 27. Rc1
Re8 28. Nf5 g6 29. Ne3 Rc3 30. Rxc2 Rxc2 31. Nxc2 Rxe6 32. Kg3 a6 33. Rg4 c6 34.
a4 Kg7 35. Rb4 b5 36. axb5 axb5 37. Nd4 Rf6 38. Nxc6 1-0

[Event "AUTO-ADV-3940"]
[Site "http://www.queenalice.com/game.php?id=1504625"]
[Date "2017.11.20"]
[Round "1"]
[White "fabricioprado"]
[Black "Legionnaire"]
[Result "0-1"]
[WhiteElo "1750"]
[BlackElo "1863"]

1. e4 e5 2. Nf3 Nc6 3. Bc4 Nf6 4. O-O Be7 5. Nc3 O-O 6. d3 a6 7. Bg5 d6 8. a3
Bg4 9. h3 Bh5 10. g4 Bg6 11. Nh4 Nd7 12. f3 Bxg5 13. Nxg6 hxg6 14. Kg2 Na5 15.
Ba2 Nc6 16. Ne2 Nb6 17. Ng3 d5 18. Ne2 Kh7 19. Nc3 dxe4 20. dxe4 Qf6 21. Qe2 Nd4
22. Qf2 Bh4 23. Qe3 Nxc2 24. Qe2 Nxa1 25. Rxa1 Qf4 26. Kh1 Rad8 27. Rd1 Qg3 28.
Qg2 Qxg2+ 29. Kxg2 Rxd1 30. Nxd1 Rd8 0-1

[Event "AUTO-ADV-3940"]
[Site "http://www.queenalice.com/game.php?id=1504626"]
[Date "2017.11.20"]
[Round "1"]
[White "Legionnaire"]
[Black "fabricioprado"]
[Result "1/2-1/2"]
[WhiteElo "1843"]
[BlackElo "1769"]

1. e4 e5 2. Nf3 Nc6 3. Bb5 d6 4. O-O Bd7 5. c3 Be7 6. d3 Nf6 7. Bg5 O-O 8. Nbd2
a6 9. Ba4 h6 10. Bh4 b5 11. Bb3 a5 12. d4 a4 13. Bc2 exd4 14. Nxd4 Ne5 15. N2f3
Bg4 16. Bg3 Nxf3+ 17. Nxf3 Bxf3 18. Qxf3 Nd7 19. Bf4 Bg5 20. Rad1 Bxf4 21. Qxf4
Ne5 22. Rfe1 Qd7 23. Rd2 Ng6 24. Qg3 Rae8 25. b3 d5 26. Kf1 c6 27. exd5 cxd5 28.
Rde2 Rxe2 29. Rxe2 axb3 30. axb3 Qc6 31. Bxg6 fxg6 32. Re3 Kh7 33. Re5 Qb7 34.
Re6 Rf6 35. Qd6 Rxe6 36. Qxe6 h5 37. Qe3 Qc6 38. Qd4 Qd6 39. g3 Qd7 40. Kg2 Kg8
1/2-1/2

[Event "AUTO-ADV-3940"]
[Site "http://www.queenalice.com/game.php?id=1504637"]
[Date "2017.11.20"]
[Round "1"]
[White "andrevillares"]
[Black "Legionnaire"]
[Result "1-0"]
[WhiteElo "2061"]
[BlackElo "1753"]

1. d4 Nf6 2. c4 g6 3. Nc3 Bg7 4. e4 d6 5. Nf3 O-O 6. Be2 Nbd7 7. O-O c5 8. Be3
b6 9. Re1 cxd4 10. Nxd4 Bb7 11. f3 Ba6 12. Qa4 Bb7 13. Nd5 Nxd5 14. cxd5 Nc5 15.
Qc2 Rc8 16. Qd2 Ba6 17. Rac1 Qd7 18. b4 Bxe2 19. bxc5 Ba6 20. c6 Qc7 21. a4 Rb8
22. Nb5 Bxb5 23. axb5 Ra8 24. Bd4 a6 25. bxa6 Rxa6 26. Qb2 Bxd4+ 27. Qxd4 b5 28.
e5 Ra4 29. exd6 Rxd4 30. dxc7 Rxd5 31. Rxe7 Rc8 32. Rd7 1-0

[Event "AUTO-ADV-3940"]
[Site "http://www.queenalice.com/game.php?id=1504638"]
[Date "2017.11.20"]
[Round "1"]
[White "Legionnaire"]
[Black "andrevillares"]
[Result "0-1"]
[WhiteElo "1746"]
[BlackElo "2068"]

1. e4 c6 2. Nf3 d5 3. exd5 cxd5 4. d4 Nc6 5. Bb5 Nf6 6. O-O Bg4 7. Bg5 Ne4 8.
Bh4 Qb6 9. Bxc6+ bxc6 10. b3 e6 11. Qd3 Bd6 12. Nbd2 Bxf3 13. Nxf3 O-O 14. Nd2
Nxd2 15. Qxd2 c5 16. dxc5 Qxc5 17. Bg5 d4 18. Rfd1 f6 19. Bh4 e5 20. Qd3 Rad8
21. f3 Rc8 22. Rdc1 f5 23. Bf2 Qc3 24. Qxc3 dxc3 25. Re1 Rfe8 26. Bxa7 Kf7 27.
Rad1 Bb4 28. Rd5 Kf6 29. a4 e4 30. fxe4 fxe4 0-1

[Event "AUTO-ADV-3940"]
[Site "http://www.queenalice.com/game.php?id=1504643"]
[Date "2017.11.20"]
[Round "1"]
[White "jmsteinfeld"]
[Black "Legionnaire"]
[Result "1-0"]
[WhiteElo "1865"]
[BlackElo "1765"]

1. e4 e5 2. d4 Nc6 3. d5 Nb8 4. Nf3 d6 5. Be3 Bg4 6. Be2 Nf6 7. Nc3 Be7 8. Nd2
Bd7 9. f3 O-O 10. g4 c6 11. dxc6 bxc6 12. h4 Ne8 13. h5 Nc7 14. h6 g6 15. Nc4
Be6 16. f4 exf4 17. Bxf4 Ne8 18. Qd2 Bh4+ 19. Kf1 Bf6 20. Bxd6 Bxc4 21. Bxc4
Qxd6 22. Ke2 Qxd2+ 23. Kxd2 Nd6 24. Bb3 Rd8 25. Ke3 Bxc3 26. bxc3 Nb5 27. Rad1
Na6 28. Rhf1 Rf8 29. Rd7 Nc5 30. Bxf7+ Kh8 31. Re7 Rad8 32. Bc4 Rxf1 33. Bxf1 a6
34. Bxb5 cxb5 35. e5 Nd7 36. e6 Nf6 37. Kf3 1-0

[Event "AUTO-ADV-3940"]
[Site "http://www.queenalice.com/game.php?id=1504644"]
[Date "2017.11.20"]
[Round "1"]
[White "Legionnaire"]
[Black "jmsteinfeld"]
[Result "1-0"]
[WhiteElo "1847"]
[BlackElo "1842"]

1. e4 e5 2. Nf3 Nc6 3. Bb5 d6 4. O-O a6 5. Bxc6+ bxc6 6. d4 exd4 7. Qxd4 Bb7 8.
Bg5 f6 9. Bh4 c5 10. Qd3 Nh6 11. Nc3 Be7 12. Rfe1 O-O 13. Bg3 1-0

[Event "AUTO-ADV-3943"]
[Site "http://www.queenalice.com/game.php?id=1505767"]
[Date "2017.11.27"]
[Round "1"]
[White "Legionnaire"]
[Black "andrevillares"]
[Result "0-1"]
[WhiteElo "1749"]
[BlackElo "2065"]

1. e4 c6 2. Nf3 d5 3. exd5 cxd5 4. d4 Nc6 5. Bb5 Bg4 6. O-O e6 7. Qd3 Bd6 8. Ne5
Bxe5 9. dxe5 Ne7 10. Bg5 O-O 11. Bxc6 bxc6 12. Nd2 Qc7 13. Bxe7 Qxe7 14. Qd4 Bf5
15. c3 c5 16. Qe3 Rfd8 17. Nb3 Rac8 18. Rac1 h6 19. Rfd1 Kh7 20. h3 h5 21. Qf3
Bg6 22. Nd2 Qg5 23. Qg3 Qxg3 24. fxg3 d4 25. Nf3 dxc3 0-1

[Event "AUTO-ADV-3943"]
[Site "http://www.queenalice.com/game.php?id=1505768"]
[Date "2017.11.27"]
[Round "1"]
[White "andrevillares"]
[Black "Legionnaire"]
[Result "1-0"]
[WhiteElo "2046"]
[BlackElo "1869"]

1. d4 Nf6 2. c4 g6 3. Nc3 Bg7 4. e4 d6 5. Nf3 O-O 6. Be2 Nbd7 7. O-O e5 8. Bg5
exd4 9. Nxd4 Qe8 10. Bf3 Ne5 11. Be2 b6 12. f4 Ned7 13. Bf3 Nc5 14. Re1 Bb7 15.
Ndb5 Qc8 16. e5 Bxf3 17. Qxf3 dxe5 18. fxe5 Nfd7 19. Bf4 a6 20. Nd4 Qb7 21. Nc6
Rfe8 22. b4 Ne6 23. Ne7+ 1-0

[Event "AUTO-ADV-3943"]
[Site "http://www.queenalice.com/game.php?id=1505769"]
[Date "2017.11.27"]
[Round "1"]
[White "Legionnaire"]
[Black "clovis"]
[Result "0-1"]
[WhiteElo "1874"]
[BlackElo "1957"]

1. e4 e5 2. Nf3 Nc6 3. Bb5 f5 4. Nc3 fxe4 5. Nxe4 d5 6. Nc3 Bg4 7. O-O Nf6 8. d3
Qd6 9. h3 Bh5 10. Bg5 O-O-O 11. Nb1 Nd4 12. Ba4 Nxf3+ 13. gxf3 Be7 14. Nc3 h6
15. Bh4 Rhg8 16. Bg3 Rdf8 17. Nb5 Qa6 18. c4 Nd7 19. Nc3 d4 20. Bxd7+ Kxd7 21.
Ne4 Bxf3 22. Bh4 Bxd1 0-1

[Event "AUTO-ADV-3943"]
[Site "http://www.queenalice.com/game.php?id=1505770"]
[Date "2017.11.27"]
[Round "1"]
[White "clovis"]
[Black "Legionnaire"]
[Result "1-0"]
[WhiteElo "2026"]
[BlackElo "1872"]

1. e4 e5 2. f4 d5 3. exd5 e4 4. Nc3 Nf6 5. Qe2 Bg4 6. Qb5+ Nbd7 7. Be2 b6 8. d4
exd3 9. Bxd3 Bd6 10. Bd2 O-O 11. Nf3 Re8+ 12. Be2 Bc5 13. O-O-O a6 14. Qd3 Bd6
15. h3 Bh5 16. g4 Bg6 17. f5 1-0

[Event "AUTO-ADV-3943"]
[Site "http://www.queenalice.com/game.php?id=1505771"]
[Date "2017.11.27"]
[Round "1"]
[White "Legionnaire"]
[Black "chessman"]
[Result "1-0"]
[WhiteElo "1826"]
[BlackElo "1894"]

1. e4 e6 2. Nf3 d5 3. exd5 exd5 4. d4 Nf6 5. Bg5 Be7 6. Be2 O-O 7. O-O a6 8. c3
c6 9. Ne5 Re8 10. Nd2 Nbd7 11. Ndf3 c5 12. Be3 cxd4 13. Bxd4 Bc5 14. Re1 Ne4 15.
Bxc5 Nxe5 16. Bd4 Nc6 17. Bd3 Nxd4 18. Nxd4 Nf6 19. Qc2 Rxe1+ 20. Rxe1 h6 21.
Bf5 Bxf5 22. Nxf5 Qa5 23. a3 Rd8 24. Re5 Qc7 25. Re7 Qc8 26. Qd3 Re8 27. Rxe8+
Qxe8 28. Qe3 Qxe3 29. Nxe3 Kf8 30. Kf1 g6 31. Ke2 Ke7 32. Kd3 Kd6 33. Kd4 b5 34.
b4 h5 35. f3 Kc6 36. Ke5 Nd7+ 37. Kd4 Kd6 38. Nxd5 f6 39. Nf4 Nf8 40. Nd3 Ne6+
41. Ke4 f5+ 42. Ke3 Nc7 43. Nf4 Nd5+ 44. Nxd5 Kxd5 45. Kd3 f4 46. h4 Kc6 47. Ke4
1-0

[Event "AUTO-ADV-3943"]
[Site "http://www.queenalice.com/game.php?id=1505772"]
[Date "2017.11.27"]
[Round "1"]
[White "chessman"]
[Black "Legionnaire"]
[Result "1-0"]
[WhiteElo "1820"]
[BlackElo "1861"]

1. e4 e5 2. Nf3 Nc6 3. Bb5 a6 4. Bxc6 dxc6 5. O-O Bg4 6. Re1 Nf6 7. d3 Be7 8.
Nc3 Bb4 9. Bd2 O-O 10. a3 Bc5 11. h3 Bh5 12. Be3 Qe7 13. Qe2 Rfd8 14. Bxc5 Qxc5
15. Rad1 Rd7 16. g4 Bg6 17. Nh4 Rf8 18. Kh2 Rd6 19. Ng2 Nd7 20. f4 exf4 21. Nxf4
Qe5 22. Rf1 Rf6 23. Kg3 Bh5 24. d4 Qg5 25. h4 Qa5 26. Nxh5 1-0

[Event "AUTO-ADV-3979"]
[Site "http://www.queenalice.com/game.php?id=1515647"]
[Date "2018.2.12"]
[Round "1"]
[White "Lan_bispo"]
[Black "Legionnaire"]
[Result "1-0"]
[WhiteElo "1799"]
[BlackElo "1796"]

1. d4 Nf6 2. c4 g6 3. Nc3 Bg7 4. Nf3 O-O 5. e4 d6 6. h3 Nbd7 7. Bd3 e5 8. d5 Nc5
9. b4 Nxd3+ 10. Qxd3 Bd7 11. O-O a6 12. a4 1-0

[Event "AUTO-ADV-3979"]
[Site "http://www.queenalice.com/game.php?id=1515648"]
[Date "2018.2.12"]
[Round "1"]
[White "Legionnaire"]
[Black "Lan_bispo"]
[Result "0-1"]
[WhiteElo "1780"]
[BlackElo "1815"]

1. e4 c5 2. Nf3 d6 3. d4 cxd4 4. Nxd4 Nc6 5. Bb5 Bd7 6. O-O g6 7. c3 Bg7 8. Be3
Nf6 9. Nd2 O-O 10. f3 Qb6 11. Bxc6 Bxc6 0-1

[Event "AUTO-ADV-3979"]
[Site "http://www.queenalice.com/game.php?id=1515661"]
[Date "2018.2.12"]
[Round "1"]
[White "Legionnaire"]
[Black "Canaye"]
[Result "0-1"]
[WhiteElo "1852"]
[BlackElo "1926"]

1. e4 e6 2. d4 d5 3. exd5 Qxd5 4. Nc3 Bb4 5. Qd3 c5 6. Bd2 Bxc3 7. Bxc3 c4 8.
Qxc4 Qxc4 9. Bxc4 Ne7 10. Bb4 Nbc6 11. Bb5 O-O 12. Rd1 Nxb4 0-1

[Event "AUTO-ADV-3979"]
[Site "http://www.queenalice.com/game.php?id=1515662"]
[Date "2018.2.12"]
[Round "1"]
[White "Canaye"]
[Black "Legionnaire"]
[Result "1-0"]
[WhiteElo "1905"]
[BlackElo "1839"]

1. d4 Nf6 2. c4 g6 3. Nc3 Bg7 4. e4 d6 5. Nf3 O-O 6. Bd3 Nbd7 7. O-O e5 8. dxe5
Nxe5 9. Nxe5 dxe5 10. Nd5 Nxd5 11. cxd5 Qd6 12. Be3 Bd7 13. Rc1 c6 14. dxc6 1-0

[Event "AUTO-ADV-3979"]
[Site "http://www.queenalice.com/game.php?id=1515663"]
[Date "2018.2.12"]
[Round "1"]
[White "Legionnaire"]
[Black "papilon_br"]
[Result "0-1"]
[WhiteElo "1810"]
[BlackElo "1850"]

1. e4 e5 2. Nf3 Nf6 3. Nxe5 Qe7 4. Nf3 Nxe4 5. Qe2 Nc6 6. d3 Nf6 7. Bg5 d6 8.
Bxf6 gxf6 9. Nc3 Bg4 10. Qxe7+ Bxe7 11. Be2 Bxf3 12. Bxf3 Nd4 13. Bd1 O-O-O 0-1

[Event "AUTO-ADV-3979"]
[Site "http://www.queenalice.com/game.php?id=1515664"]
[Date "2018.2.12"]
[Round "1"]
[White "papilon_br"]
[Black "Legionnaire"]
[Result "1-0"]
[WhiteElo "1834"]
[BlackElo "1826"]

1. e4 e5 2. Nf3 Nc6 3. Nc3 Nf6 4. d4 d6 5. dxe5 Nxe5 6. Nxe5 dxe5 7. Qxd8+ Kxd8
8. Bg5 Be7 9. Bxf6 Bxf6 10. O-O-O+ Bd7 11. Bc4 c6 12. Bxf7 Ke7 13. Bb3 1-0